Éléments chimiques étant des anniversaires de mariage - Statistiques

Statistiques générales
  • Ce quiz a été pris 44 fois
  • Le résultat moyen est 8 sur 12
Statistiques - réponses
Anniversaire de mariage Numéro atomique Élément % Correct
50 ans 79 Or
93%
25 ans 47 Argent
90%
32 ans 29 Cuivre
80%
10 ans 50 Étain
78%
70 ans 78 Platine
76%
41 ans 26 Fer
68%
14 ans 82 Plomb
59%
76 ans 30 Zinc
59%
38 ans 80 Mercure
51%
85 ans 92 Uranium
41%
28 ans 28 Nickel
39%
72 ans 22 Titane
39%
Aucun quiz correspondant
Distribution des résultats
% des personnes avec chaque résultat
Percentile par nombre de réponses
Votre historique - résultats
Vous n’avez pas pris ce quiz